El mundo en que vivimos / (Registro nro. 149739)
[ vista simple ]
| 000 -LEADER | |
|---|---|
| campo de control de longitud fija | 00631nam a2200169 i 4500 |
| 001 - NÚMERO DE CONTROL | |
| campo de control | 149739 |
| 003 - IDENTIFICADOR DE NÚMERO DE CONTROL | |
| campo de control | ES-MaACL |
| 005 - FECHA Y HORA DE LA ÚLTIMA TRANSACCIÓN | |
| campo de control | 20230906203232.0 |
| 007 - CAMPO FIJO DE DESCRIPCIÓN FÍSICA--INFORMACIÓN GENERAL | |
| campo de control de longitud fija | t| |
| 008 - DATOS DE LONGITUD FIJA--INFORMACIÓN GENERAL | |
| campo de control de longitud fija | 071024s1973 sp ||||1| spa d |
| 245 03 - MENCIÓN DEL TÍTULO | |
| Título | El mundo en que vivimos / |
| Mención de responsabilidad, etc. | [obra dirigida por Valentín Vázquez de Prada]. |
| 260 ## - PUBLICACIÓN, DISTRIBUCIÓN, ETC. | |
| Lugar de publicación, distribución, etc. | Barcelona : |
| Nombre del editor, distribuidor, etc. | Instituto Gallach, |
| Fecha de publicación, distribución, etc. | [1973] |
| 300 ## - DESCRIPCIÓN FÍSICA | |
| Extensión | 5 v. : |
| Otras características físicas | il. ; |
| Dimensiones | 31 cm. |
| 505 8# - NOTA DE CONTENIDO CON FORMATO | |
| Nota de contenido con formato | Contiene: v.1. La tierra. Regiones polares -- v. 2. Europa -- v. 3. Europa (II). Asia -- v. 4. Africa. Oceanía -- v. 5. América |
| 700 1# - ENTRADA AGREGADA--NOMBRE PERSONAL | |
| Nombre de persona | Vázquez de Prada, Valentín. |
| 9 (RLIN) | 113427 |
| 852 ## - LOCALIZACIÓN | |
| Ubicación | ES-MaACL |
| Número de control de estantería | C-55403-7 |
| Sublocalización o colección | R.87861 |
| Estatus retirado | Estado de pérdida | Estado de daño | No para préstamo | Biblioteca de origen | Biblioteca actual | Ubicación en estantería | Fecha de adquisición | Fuente de adquisición | Total de préstamos | Signatura topográfica completa | Código de barras | Visto por última vez | Precio de reemplazo | Tipo de ítem Koha |
|---|---|---|---|---|---|---|---|---|---|---|---|---|---|---|
| Biblioteca del Ateneo de Madrid | Biblioteca del Ateneo de Madrid | Depósito 2 | 17/01/2008 | C-55403-7 | 1156255 | 23/02/2023 | 23/02/2023 | Libro impreso |
